Famous People by Unconventional Picture #2 - Statistics

General Stats
  • This quiz has been taken 518 times
  • The average score is 6 of 16
Answer Stats
Picture Answer % Correct
Nelson Mandela
79%
Mahatma Gandhi
76%
Michael Phelps
55%
Hillary Clinton
54%
Winston Churchill
52%
Marilyn Monroe
49%
Xi Jinping
46%
Stephen King
45%
Steve Jobs
45%
Marlon Brando
39%
Salvador Dali
28%
Muhammad Ali
27%
Pope Francis
23%
Angela Merkel
15%
Sigmund Freud
11%
Daft Punk
5%
No matching quizzes found
Score Distribution
Percent of People with Each Score
Percentile by Number Answered
Your Score History
You have not taken this quiz